El Desarrollo costarricense y la fecundidad del hombre /

محفوظ في:
التفاصيل البيبلوغرافية
المؤلف الرئيسي: Sandoval Aguilar, Guillermo
مؤلفون آخرون: Brenes Castro, Abelardo, González Ortega, Alfonso
التنسيق: نص
منشور في: Costa Rica : UNA. IDESPO
الموضوعات:
الوسوم: إضافة وسم
لا توجد وسوم, كن أول من يضع وسما على هذه التسجيلة!

MARC

LEADER 00000 a a2200000 04500
001 13998
003
040
090 |a 1001 S218de  
100 |a Sandoval Aguilar, Guillermo  
245 |a El Desarrollo costarricense y la fecundidad del hombre /  |c Guillermo Sandoval Aguilar 
260 |a Costa Rica :   |b UNA. IDESPO  
300 |a 233 p  
650 |a FECUNDIDAD  
700 |a Brenes Castro, Abelardo  
700 |a González Ortega, Alfonso  
999 |c 10160  |d 10160